De la compétence des tribunaux français a l'égard des étrangers en matière civile et commerciale d'après la jurisprudence française (Record no. 156833)

MARC details
000 -LEADER
campo de control de longitud fija 00899nam a22001935i 4500
001 - NÚMERO DE CONTROL
campo de control 156833
003 - IDENTIFICADOR DE NÚMERO DE CONTROL
campo de control ES-MaACL
005 - FECHA Y HORA DE LA ÚLTIMA TRANSACCIÓN
campo de control 20250702210746.0
008 - DATOS DE LONGITUD FIJA--INFORMACIÓN GENERAL
campo de control de longitud fija 040805s1893 fr |||| | fre d
040 ## - FUENTE DE CATALOGACIÓN
Centro catalogador/agencia de origen CAM
Lengua de catalogación spa
Centro/agencia transcriptor CAM
100 1# - ENTRADA PRINCIPAL--NOMBRE DE PERSONA
Nombre de persona Lachau, Charles.
9 (RLIN) 128558
245 10 - MENCIÓN DEL TÍTULO
Título De la compétence des tribunaux français a l'égard des étrangers en matière civile et commerciale d'après la jurisprudence française
Resto del título : avec le texte des principaux arrêts et jugements /
Mención de responsabilidad, etc. par Charles Lachau.
260 ## - PUBLICACIÓN, DISTRIBUCIÓN, ETC.
Lugar de publicación, distribución, etc. Paris :
Nombre del editor, distribuidor, etc. Librairie du Recueil Général des Lois et des Arrèts et du Journal du Palais, L. Larose et Forcel éditeurs,
Fecha de publicación, distribución, etc. 1893 (
Lugar de fabricación/manufactura Chateauroux :
Fabricante Typ. et stéréotyp. A. Majesté)
300 ## - DESCRIPCIÓN FÍSICA
Extensión XXXVII, 468 p. ;
Dimensiones 23 cm.
650 #4 - PUNTO DE ACCESO ADICIONAL DE MATERIA--TÉRMINO DE MATERIA
Término de materia o nombre geográfico como elemento de entrada Justicia-
Subdivisión geográfica Francia.
9 (RLIN) 222668
651 #4 - PUNTO DE ACCESO ADICIONAL DE MATERIA--NOMBRE GEOGRÁFICO
Nombre geográfico Francia-
Subdivisión general Inmigración
9 (RLIN) 8704
852 ## - LOCALIZACIÓN
Ubicación ES-MaACL
Número de control de estantería F-1128
Nota libre -- Rust. deteriorada
Holdings
Estatus retirado Estado de pérdida Estado de daño No para préstamo Colección Biblioteca de origen Biblioteca actual Ubicación en estantería Fecha de adquisición Fuente de adquisición Total de préstamos Signatura topográfica completa Código de barras Visto por última vez Precio de reemplazo Tipo de ítem Koha
        Libros del s. XIX Biblioteca del Ateneo de Madrid Biblioteca del Ateneo de Madrid Depósito 2 17/01/2008     F-1128 1164088 23/02/2023 23/02/2023 Libro impreso antiguo